Sporiteľne a úverové družstvá vo východnej Európe. Situácia v družstevníctve susedných krajín
Predseda Družstevnej únie SR, Zväzu výrobných družstiev a predseda medzinárodnej organizácie CICOPA Ing. Marián Rybár o situácii v družstevníctve vo východnej Európe a na Slovensku. Družstevníctvo v Poľsku a Maďarsku. Seminár špecializovaných organizácií Medzinárodného družstevného zväzu (MDZ) v Bud...
Saved in:
| Main Author: | |
|---|---|
| Other Authors: | |
| Format: | Book Chapter |
| Language: | Slovak |
| Subjects: | |
| Tags: |
No Tags, Be the first to tag this record!
|
MARC
| LEADER | 00000naa a2200000 4500 | ||
|---|---|---|---|
| 001 | r022138 | ||
| 005 | 20230801110058.8 | ||
| 041 | 0 | |a slo | |
| 044 | |a SK | ||
| 245 | 1 | 0 | |a Sporiteľne a úverové družstvá vo východnej Európe. Situácia v družstevníctve susedných krajín |c M. Rybár, Z. Molnár |
| 520 | |a Predseda Družstevnej únie SR, Zväzu výrobných družstiev a predseda medzinárodnej organizácie CICOPA Ing. Marián Rybár o situácii v družstevníctve vo východnej Európe a na Slovensku. Družstevníctvo v Poľsku a Maďarsku. Seminár špecializovaných organizácií Medzinárodného družstevného zväzu (MDZ) v Budapešti od 24.10. do 30.10.1996. | ||
| 610 | 2 | 0 | |a východná Európa |
| 610 | 2 | 0 | |a Slovensko |
| 610 | 2 | 0 | |a Poľsko |
| 610 | 2 | 0 | |a Maďarsko |
| 610 | 2 | 0 | |a družstvá úverové |
| 610 | 2 | 0 | |a družstevníctvo |
| 610 | 2 | 0 | |a Budapešť |
| 610 | 2 | 0 | |a semináre |
| 610 | 2 | 0 | |a Medzinárodný družstevný zväz |
| 610 | 2 | 0 | |a Raiffeisen |
| 100 | 1 | |a Rybár, M. | |
| 700 | 1 | |a Molnár, Z. | |